| 000 | 00436nam a2200181Ia 4500 | ||
|---|---|---|---|
| 001 | 1683 | ||
| 005 | 20260306143746.0 | ||
| 008 | 260306t2010||||xx |||||||||||||| ||spa|| | ||
| 041 | _aESP | ||
| 082 |
_a155 _bC12 |
||
| 100 |
_aCabezuelo, Gloria _eAUT |
||
| 245 | 0 |
_aEl desarrollo psicomotor: _bdesde la infancia hasta la adolescencia |
|
| 260 | _c2010 | ||
| 300 |
_a _c |
||
| 650 | _aGEN | ||
| 654 | _aCPS | ||
| 942 |
_cLIB _dJUS _fJUS _2ddc _n |
||
| 999 |
_c1683 _d1683 |
||